000 004140000a22001690004500
003 LK-CoMWRAF
008 230817t ||||| |||| 00| 0 eng d
020 _a9559318020
040 _aLK-CoMWRAF
_dLK-CoMWRAF
_eLK-CoMWRAF
041 _aeng
082 _a024
_bMUT
245 _aPilikuthuve Kamala gethu katha
_b
260 _aColombo
_bVoice of Women
_c
300 _ap.140
650 _ashort stories
942 _cBK
999 _c3031
_d3031